| 000 | 01008nam0a2200289 4500 | ||
|---|---|---|---|
| 001 | RU\NLR\BIBL_A\012563543 | ||
| 005 | 20250624070517.0 | ||
| 010 | _93000 | ||
| 035 | _a(NLR Aleph) 012563543 | ||
| 090 |
_a13304826 _c13304826 |
||
| 100 | _a20210713d1964 |||y0rusy50 ca | ||
| 101 | 0 | _akir | |
| 102 | _aKG | ||
| 105 | _ay z 000yy | ||
| 181 | 0 |
_ai _baxxe |
|
| 182 | 0 | _an | |
| 200 | 1 |
_aАтеросклероз оорусу _fГ. Е. Перчикова, мед. илимдердин канд. _gКырг. ССР Саламаттык сактоо М-восу. Респ. санитардык агартуу үйү |
|
| 203 |
_aТекст _bвизуальный _cнепосредственный |
||
| 210 |
_aФрунзе _d1964 |
||
| 215 |
_a17,[1] c. _d20 |
||
| 541 | 1 |
_aАтеросклероз _zrus |
|
| 686 | 1 | _aР410.210.41 | |
| 700 | 1 |
_aПерчикова _bГ. Е. _gГалина Евгеньевна _4070 |
|
| 852 |
_aNLR _bОНЛ _jКирг./2-3902 |
||
| 942 | _cBOOK | ||
| 980 | _aNB | ||